000 00544nam a2200181Ia 4500
999 _c7321
_d7321
003 OSt
005 20200122132128.0
008 190216s9999||||xx |||||||||||||| ||und||
020 _a9788184880403
040 _coclc
082 _a332.6320973
_bAVA/S
100 _aAvadhani, V A
_9855
245 0 _aSecurities Analysis And Portfolio Management /
_cV A Avadhani
250 _a9th ed.
260 _bHimalaya Publishing House,
_aMumbai:
_c2008.
300 _a584p
942 _cBK
_2ddc
_h332.6320973
_iAVA/S
_k332.6320973
_mAVA/S